00694nam a2200193 a 450000100100000000500170001000800410002704000250006808200130009310000230010624500320012926000510016130000270021249000240023950000770026383000310034095201120037199900170048300003744720200930080357.0120418s2011 sp a 000 p spa d aDO-SdBNPbspacBNPHU axxxbxxx1 aMoyano, Ana96390010aGotas de luz /cAna Moyano. a[Madrid] :bGrupo Literario Guadiana,c[2011]. a35 p. :bil. ;c24 cm.1 aBibliográficav25 aIncluye datos biográficos del autor en la solapa de la contracubierta. 0aBibliográfican25963901 0010507-18MOaGRbGRcOId2012-04-18iLF1l0oxxx xxxp37447-10r2020-06-25w2020-06-25y1ZNo se presta c36937d36937